Países mais próximos de Antártica - um minuto corrida - Statistics

Estatísticas Gerais
  • Esse quiz foi jogado 70 vezes
  • A pontuação média é 12 de 20
Estatísticas das Respostas
km país % Correto
1023 Argentina
97%
2518 Austrália
95%
1005 Chile
93%
2484 Nova Zelândia
93%
3856 África do Sul
91%
3292 Brasil
91%
3151 Uruguai
84%
4236 Lesoto
72%
3978 Paraguai
69%
4513 Madagáscar
62%
4597 Suazilândia
60%
4513 Namíbia
57%
4523 Bolívia
52%
5094 Peru
50%
4646 Moçambique
48%
4714 Botswana
45%
5070 Zimbábue
26%
5052 Maurícia
19%
5576 Malawi
16%
5438 Vanuatu
9%
Nenhum quiz correspondente encontrado
Distribuição das Pontuações
Porcentagem de Pessoas com Cada Pontuação
Percentil de Números Respondidos
Sua Pontuação Histórica
Você não jogou esse quiz